Landkreise in Nordrhein-Westfalen - Sudden-Death - Statistiken

Allgemein
  • Dieses Quiz wurde 121 mal gespielt
    116 seit der letzten Aktualisierung
  • Das Durchschnittsergebnis liegt bei 8 aus 15
Answers on the Grid
Answers color-coded by a green-red scale on the quiz's grid according to % correct below.
Witten
Paderborn
Iserlohn-Lüdenscheid
Herford
Lünen
Wesel
Marsberg
Rhein-Sieg-Kreis
Bergheim
Hochsauerlandkreis
Märkisch-Bergischer-Kreis
Dülmen
Städteregion Ruhrgebiet
Rhein-Kreis Neuss
Soest
Bocholt
Minden-Lübbecke
Viersen
Göttingen
Olpe
Gummersbach
Warendorf
Westerwaldkreis
Heinsberg
Emsland
Lippe
Geldern
Euskirchen
Rhein-Ruhr-Kreis
Recklinghausen
 
Antwortstatistiken
Antwort % Korrekt
Heinsberg
61%
Paderborn
59%
Euskirchen
56%
Recklinghausen
56%
Hochsauerlandkreis
54%
Lippe
51%
Rhein-Sieg-Kreis
51%
Wesel
51%
Olpe
49%
Soest
49%
Herford
48%
Viersen
44%
Warendorf
44%
Rhein-Kreis Neuss
43%
Minden-Lübbecke
41%
Keine übereinstimmenden Quizze gefunden
Verteilung der Resultate
Anzahl Personen mit jedem Resultat
Perzentil nach korrekt beantworteten Fragen
Ihre Resultats-Entwicklung
Sie haben dieses Quiz seit der letzten Aktualisierung nicht gespielt